000 00349 a2200157 4500
001 71713
020 _a8501022896
040 _cAnchieta - Colégio São Paulo
100 _aGoscinny, R.
240 1 0 _aAsterix na Hispânia
_lpor
245 1 0 _aAsterix na Hispânia
300 _a48
362 0 _a2001
650 4 _aLiteratura juvenil
942 _cBK
999 _c71713
_d71713